| 000 | 00513cam a22001457a 4500 | ||
|---|---|---|---|
| 008 | 180718b1986 xxu||||| |||| 00| 0 eng d | ||
| 082 | _aAPPPA 85-86 BHA | ||
| 100 | _aBhandari, Pamela | ||
| 245 |
_aFestival of India planning, organization and impact study: special focus on festival of India in Washington _cby Pamela Bhandari |
||
| 260 |
_aNew Delhi _bIndian Institute of Public Administration _c1986 |
||
| 300 | _a127p. | ||
| 650 | _aImpact study | ||
| 650 | _aOrganization | ||
| 650 | _aFestival-India planning | ||
| 999 |
_c501416 _d501416 |
||